Online
Catalog

Trazos en las brumas lejanas / (Record no. 7317)

MARC details
000 -CABECERA
campo de control de longitud fija 00922nam a2200241 a 4500
001 - NÚMERO DE CONTROL
campo de control 000007536
005 - FECHA Y HORA DE LA ÚLTIMA TRANSACCIÓN
campo de control 20250723150124.0
008 - DATOS DE LONGITUD FIJA--INFORMACIÓN GENERAL
campo de control de longitud fija 090909s1984 dr 000 p spa d
040 ## - FUENTE DE LA CATALOGACIÓN
Centro catalogador/agencia de origen DO-SdBNP
Lengua de catalogación spa
Centro/agencia transcriptor BNPHU
082 ## - NÚMERO DE LA CLASIFICACIÓN DECIMAL DEWEY
Número de clasificación RD868.44
Número de documento/Ítem S321t
049 ## - FONDOS LOCALES (OCLC)
Fondos de biblioteca BNPD
100 1# - ENTRADA PRINCIPAL--NOMBRE DE PERSONA
Nombre de persona Scheker Hane, Luis,
Fechas asociadas al nombre 1907-1985
9 (RLIN) 8237
245 10 - MENCIÓN DE TÍTULO
Título Trazos en las brumas lejanas /
Mención de responsabilidad, etc. Luis Scheker Hane.
260 ## - PUBLICACIÓN, DISTRIBUCIÓN, ETC.
Lugar de publicación, distribución, etc. Santo Domingo,
-- ONAP,
Fecha de publicación, distribución, etc. 1984.
300 ## - DESCRIPCIÓN FÍSICA
Extensión 65 p. ;
Dimensiones 21 cm.
490 1# - MENCIÓN DE SERIE
Mención de serie Literatura
Designación de volumen o secuencia 3
500 ## - NOTA GENERAL
Nota general Incluye datos biográficos de autor en la contrasolapa.
505 0# - NOTA DE CONTENIDO CON FORMATO
Nota de contenido con formato Historia y trayectoria del Club Libanés-Sirio Palestino, INC. : evocación de las emigraciones --
Título Trazos en las brumas lejanas --
-- San Carlos en mi vida --
-- Canciones en nuestro baseball.
650 #0 - PUNTO DE ACCESO ADICIONAL DE MATERIA--TÉRMINO DE MATERIA
Término de materia o nombre geográfico como elemento de entrada Prosa dominicana
9 (RLIN) 12146
650 #0 - PUNTO DE ACCESO ADICIONAL DE MATERIA--TÉRMINO DE MATERIA
Término de materia o nombre geográfico como elemento de entrada Literatura dominicana.
9 (RLIN) 67
830 #0 - PUNTO DE ACCESO ADICIONAL DE SERIE-TÍTULO UNIFORME
Título uniforme Literatura
Número de parte o sección de la obra 3
9 (RLIN) 20923
910 ## - DATOS DE OPCIÓN DEL USUARIO (OCLC)
Datos de opción del usuario Validado. Control de calidad EMS.
Holdings
Estado de retiro Estado de pérdida Restricciones de uso No para préstamo Código de colección Localización permanente Ubicación/localización actual Ubicación en estantería Fecha de adquisición Número de inventario Total de préstamos Signatura topográfica completa Código de barras Fecha visto por última vez Número de copia Precio válido a partir de Tipo de ítem Koha
        Dominicana de Servicio General General Depósito 09.09.2009 LF1   RD868.44 S321t 7536-30 25.06.2020 e. 5 25.06.2020 Libro y Folleto Colección Dominicana de Servicio
        Dominicana de Servicio General General Depósito 09.09.2009 LF1   RD868.44 S321t 7536-40 25.06.2020 e. 4 25.06.2020 Libro y Folleto Colección Dominicana de Servicio
        Dominicana de Servicio General General Depósito 09.09.2009 LF1   RD868.44 S321t 7536-50 25.06.2020 e. 3 25.06.2020 Libro y Folleto Colección Dominicana de Servicio
      Excluido de préstamo Patrimonio Dominicano Patrimonio Dominicano Patrimonio Dominicano Depósito 09.09.2009 LF1   RD868.44 S321t 7536-10 25.06.2020   25.06.2020 Libro y Folleto Colección Patrimonio Dominicano
      Excluido de préstamo Patrimonio Dominicano Patrimonio Dominicano Patrimonio Dominicano Depósito 09.09.2009 LF1   RD868.44 S321t 7536-20 25.06.2020 e. 2 25.06.2020 Libro y Folleto Colección Patrimonio Dominicano

Powered by Koha